The development of Japanese business 1600-1973

This book has bên writen as an aoutline history of the development of Japanese business. A good deal of literaturre exists on some aspects, and some periods.

محفوظ في:
التفاصيل البيبلوغرافية
المؤلف الرئيسي: Hirschmeier, J.
التنسيق: كتاب
اللغة:Undetermined
منشور في: Boston George Allen & Unwin 1975
الموضوعات:
الوسوم: إضافة وسم
لا توجد وسوم, كن أول من يضع وسما على هذه التسجيلة!
Thư viện lưu trữ: Trung tâm Học liệu Trường Đại học Cần Thơ
LEADER 00837nam a2200217Ia 4500
001 CTU_87788
008 210402s9999 xx 000 0 und d
082 |a 338.0952 
082 |b H669 
100 |a Hirschmeier, J. 
245 4 |a The development of Japanese business 1600-1973 
245 0 |c J. Hirschmeier, Tsunehiko Yui 
260 |a Boston 
260 |b George Allen & Unwin 
260 |c 1975 
520 |a This book has bên writen as an aoutline history of the development of Japanese business. A good deal of literaturre exists on some aspects, and some periods. 
650 |a Industrial management,Japan,Quản trị công nghiệp,Nhật Bản 
650 |x Commerce,Thương mại 
650 |z Japan,Nhật Bản 
904 |i Trọng Hiếu, Qhieu 
980 |a Trung tâm Học liệu Trường Đại học Cần Thơ